Mái tây : Tây sương kí
Salvato in:
| Autore principale: | |
|---|---|
| Natura: | Libro |
| Lingua: | Undetermined |
| Pubblicazione: |
Hà Nội
Lao Động
2011
|
| Soggetti: | |
| Tags: |
Aggiungi Tag
Nessun Tag, puoi essere il primo ad aggiungerne! !
|
| Thư viện lưu trữ: | Trung tâm Học liệu Trường Đại học Cần Thơ |
|---|
| LEADER | 00593nam a2200205Ia 4500 | ||
|---|---|---|---|
| 001 | CTU_176077 | ||
| 008 | 210402s9999 xx 000 0 und d | ||
| 020 | |c 69000 | ||
| 082 | |a 895.12 | ||
| 082 | |b Ph500 | ||
| 100 | |a Vương, Thực Phủ | ||
| 245 | 0 | |a Mái tây : | |
| 245 | 0 | |b Tây sương kí | |
| 245 | 0 | |c Vương Thực Phủ ; Nhượng Tống (dịch) | |
| 260 | |a Hà Nội | ||
| 260 | |b Lao Động | ||
| 260 | |c 2011 | ||
| 650 | |a Chinese drama,Kịch Trung Quốc | ||
| 904 | |i mai,Hải | ||
| 980 | |a Trung tâm Học liệu Trường Đại học Cần Thơ | ||